वसन्त राग / (Record no. 114999)
[ view plain ]
| 000 -LEADER | |
|---|---|
| fixed length control field | 01103nam a22002657a 4500 |
| 005 - DATE AND TIME OF LATEST TRANSACTION | |
| control field | 20170124103017.0 |
| 010 ## - LIBRARY OF CONGRESS CONTROL NUMBER | |
| LC control number | 511516 |
| 020 ## - INTERNATIONAL STANDARD BOOK NUMBER | |
| Terms of availability | 4.00 |
| 035 ## - SYSTEM CONTROL NUMBER | |
| System control number | 511516 |
| 037 ## - SOURCE OF ACQUISITION | |
| Source of stock number/acquisition | Cen Lib/Ret |
| 040 ## - CATALOGING SOURCE | |
| Original cataloging agency | DPL |
| Language of cataloging | HN |
| 082 ## - DEWEY DECIMAL CLASSIFICATION NUMBER | |
| Classification number | उ |
| Item number | वंधोपा |
| 100 ## - MAIN ENTRY--PERSONAL NAME | |
| Personal name | वंधोपाध्याय, ताराशंकर |
| 9 (RLIN) | 59405 |
| 245 ## - TITLE STATEMENT | |
| Title | वसन्त राग / |
| Statement of responsibility, etc | ताराशंकर वंधोपाध्याय; अनुवादक कुसुम बाँठिया |
| 246 ## - VARYING FORM OF TITLE | |
| Title proper/short title | Vasant raag / |
| Remainder of title | by Tarashankar Vandhopadhyaya; anuvadak Kusum Banthhiya |
| 260 ## - PUBLICATION, DISTRIBUTION, ETC. (IMPRINT) | |
| Place of publication, distribution, etc | दिल्ली |
| Name of publisher, distributor, etc | राजपाल एंड संस |
| Date of publication, distribution, etc | 1967 |
| 270 ## - ADDRESS | |
| Address | कश्मीरी गेट |
| City | दिल्ली |
| Postal code | 110006 |
| 300 ## - PHYSICAL DESCRIPTION | |
| Extent | 91पृ. |
| Dimensions | 21सेमी (सजिल्द) |
| 650 ## - SUBJECT ADDED ENTRY--TOPICAL TERM | |
| Topical term or geographic name as entry element | बंगला साहित्य |
| 9 (RLIN) | 59406 |
| 650 ## - SUBJECT ADDED ENTRY--TOPICAL TERM | |
| Topical term or geographic name as entry element | उपन्यास |
| 9 (RLIN) | 59407 |
| 650 ## - SUBJECT ADDED ENTRY--TOPICAL TERM | |
| Topical term or geographic name as entry element | Bangla literature |
| 9 (RLIN) | 59408 |
| 650 ## - SUBJECT ADDED ENTRY--TOPICAL TERM | |
| Topical term or geographic name as entry element | Fiction |
| 9 (RLIN) | 8901 |
| 700 ## - ADDED ENTRY--PERSONAL NAME | |
| Personal name | बाँठिया, कुसुम |
| 9 (RLIN) | 59409 |
| 942 ## - ADDED ENTRY ELEMENTS (KOHA) | |
| Source of classification or shelving scheme | Dewey Decimal Classification |
| Koha item type | Hindi Books |
| Classification part | उ |
| Call number suffix | वंधोपा |
| Withdrawn status | Lost status | Damaged status | Not for loan | Home library | Current library | Date acquired | Source of acquisition | Cost, normal purchase price | Total Checkouts | Full call number | Barcode | Date last seen | Copy number | Cost, replacement price | Price effective from | Koha item type | Public note |
|---|---|---|---|---|---|---|---|---|---|---|---|---|---|---|---|---|---|
| Written off | Central Library | Central Library | 19/08/2015 | Cen Lib/Ret | 4.00 | उ वंधोपा | 511516 | 19/08/2015 | 1 | 4.00 | 19/08/2015 | Hindi Books | Written off on approval by DLB (By Circulation); dtd 15-06-2023 |
